| 000 | 00617nam a2200181 a 4500 | ||
|---|---|---|---|
| 005 | 20250529063824.0 | ||
| 008 | 991125s1962 mx 000 0 spa u | ||
| 035 | _aUPN01000012551 | ||
| 049 | _aSEP | ||
| 050 | 4 |
_aL227 D11 _bM2.4 1962 |
|
| 111 | 1 |
_aMéxico. _eConsejo Nacional Técnico de la Educación. _eAsamblea Nacional Plenaria _n(5a : _d1962 : _cMéxico) |
|
| 245 | 1 | 0 | _aCuarta sección. |
| 260 |
_aMéxico : _bSEP, Consejo Nacional Técnico de la Educación, _c1962. |
||
| 300 | _a14 h. | ||
| 650 | 4 |
_aEducación _vCongresos _96108 |
|
| 650 | 4 |
_aMaestros _xFormación profesional _vCongresos _9774 |
|
| 905 | _aLibro | ||
| 999 |
_c12551 _d12551 |
||